000 00925nam a22003017a 4500
001 BR2015005668
003 BR-BrBNA
005 20230928104731.0
007 ta
008 230509b bl.||||| |||| 00| 0 por d
040 _aBR-BrBNA
_bpor
_cBiblioteca Nacional de Agricultura
041 _a(Por)
072 _aE14
_b8927
090 _ 8927 BR2015005668
100 1 _aBaptista, M.
110 1 _aInstituto Algodão Social, Cuiabá, MT (Brasil)
_95663
110 1 _aAssociação Matogrossense dos Produtores de Algodão, Cuiabá, MT (Brasil)
245 1 _aAlgodão social: Mato Grosso produzindo algodão com responsabilidade social
260 3 _aCuiabá, MT (Brasil):
_c2015.
300 _a120 p.
500 _a126 illus
650 _aALGODÃO
650 _aHISTÓRIA
650 _aDESENVOLVIMENTO ECONÔMICO
650 _aDESENVOLVIMENTO SUSTENTÁVEL
909 _a202309
_bLucia
_c55
_dLucia Elande
942 _cBK
999 _c81458
_d81458